El embrujo de Shanghai

Saved in:
Bibliographic Details
Main Author: Marsé, Juan (autor)
Format: Book
Language:Spanish
Published: Barcelona Plaza 1996
Edition:2a. ed
Series:Biblioteca de Autor, 158
Subjects:
Tags: Add Tag
No Tags, Be the first to tag this record!

MARC

LEADER 00000nam a2200000 a 4500
001 UCT0379
003 CL-VaPUC
008 960830e19960000SP |||||||||||||||||spa|d
082 0 4 |a 863  |b MAR  |2 21 
100 |a Marsé, Juan  |e autor  |9 453927 
245 1 3 |a El embrujo de Shanghai 
250 |a 2a. ed 
300 |a 240 p 
942 |c BK 
945 |d 19960830 00:00:00  |a nastorga 
260 |a Barcelona  |b Plaza  |c 1996 
650 0 |a Novelas españolas  |9 265052 
583 |a last modification  |c 19960830 00:00:00  |k Rodrigo Vera 
490 0 |a Biblioteca de Autor, 158 
999 |c 251386  |d 251384 
952 |0 0  |1 0  |4 0  |6 863_000000000000000_MAR_1996  |7 0  |8 A  |9 270502  |a BIBEDU  |b BIBEDU  |d 2019-11-19  |i 3225194  |o 863 MAR 1996  |p 3225194  |r 2019-11-19  |w 2019-11-19  |y BK  |k LIT